00598nam a2200205Ia 4500008004100000020001800041040001800059041000800077100002200085245006600107260005000173300001800223490002000241500002200261650002200283650002300305650002400328700002700352765001300379130821s1994 sp gr spa  a84 7223 779 6 aCo-BoUCMbspa00aspa1 aDuras, Marguerite10aEscribircMarguerite Duras ; traducción de Ana María Moix aBarcelona (España)bTusQuets Editoresc1994 a127 páginas 0aMarginalesv135 aIncluye índice. aCuentos franceses aLiteratura europea aLiteratura francesa1 aMoix, Ana Maríaetr.0 tÉcrire